| 000 | 00848nam a2200253 a 4500 | ||
|---|---|---|---|
| 001 | BRCA_7541 | ||
| 005 | 20190320205859.0 | ||
| 008 | 300513s1955----nyua######---#000-0#eng-# | ||
| 041 | _aeng | ||
| 044 | _anyu | ||
| 050 | 4 |
_aND30 _b.E53 1955 |
|
| 245 | 1 | 0 |
_aEncyclopedia of painting _bpainters and painting of the world from prehistoric times to the present day _cBernard S. Myers, editor. |
| 260 |
_aNueva York _bCrown _c1955 |
||
| 300 |
_a511 p. _bil. (algunas a color), 216 láminas _c29 cm. |
||
| 500 | _aDiccionario inventariado por Banco de México como libro | ||
| 500 | _aS10 | ||
| 650 | 1 | 4 |
_aPintura _vDiccionarios _918595 |
| 650 | 1 | 4 |
_aPintores _vDiccionarios _918596 |
| 650 | 1 | 4 |
_aPintura _xHistoria _918597 |
| 650 | 1 | 4 |
_aEnciclopedias y diccionarios _99441 |
| 700 | 1 |
_aMyers, Bernard S. _eed. _918598 |
|
| 902 | _aGFM | ||
| 942 |
_2lcc _cB |
||
| 999 |
_c7215 _d7215 |
||